00926nam a2200241 a 4500001001000000003000500010005001700015008004100032010001100073011001100084040000900095100003500104245018500139260004100324500006000365502007500425650002600500650001400526650002300540700003500563856001600598856007000614000112581CHAP20220329144313.0160725s2016 mx a fsm |||||||spa d a109042 a110014 cCHAP1 aConcepción Santiago, Marisol10aPalatabilidad de ensilados de alfalfa (Medicago sativa L.) y pasto ovillo (Dactylis glomerata L.)/h[En línea]cpor Marisol Concepción Santiago y Luz del Carmen Cruz Camarillo. aChapingo, Méx. :bEl autor,c2016. aPara ver el contenido del material haga clic en la liga aTesis (Ing. Agr. Esp. en Zootecnia) -- UACH. Departamento de Zootecnia14aAlfalfa como forraje.14aEnsilaje.14aPastos forrajeros.1 aCruz Camarillo, Luz del Carmen a1 n0001672 aFinding aiduhttp://10.13.5.2/tesis/sist112581.pdfzTeclea aquí